| 000 | 00550nam a22001937a 4500 | ||
|---|---|---|---|
| 003 | OSt | ||
| 005 | 20140310182352.0 | ||
| 008 | 130312t xxu||||| |||| 00| 0 eng d | ||
| 050 |
_aPZ 5 _b.M478 1995 |
||
| 082 |
_aGS 398.2 _bWi67 1997 |
||
| 100 |
_aMckie, Anne _921746 |
||
| 245 |
_a365 bedtime stories / _cwritten by Anne Mckie; illustrated by ken Mckie. |
||
| 260 |
_aNew York : _bBroadway Books, _c1997 |
||
| 300 |
_c28 cm. _bill. col. ; |
||
| 650 |
_aStory book _921893 |
||
| 650 |
_aShort story _922219 |
||
| 942 |
_2lcc _cBK-GS |
||
| 999 |
_c12394 _d12394 |
||